000
00288nam a22000977a 4500
008
130411b xxu||||| |||| 00| 0 eng d
020
_c
Avalable
050
_a
005.8KAH
_b
000058
245
_a
Cryptography & Network Security: Principles & Practice
_c
Kahate, A.
260
_a
India
_b
Prentice-Hall
_c
2006
999
_c
23346
_d
23346